000 00206nam a22000857a 4500
008 161208b xxu||||| |||| 00| 0 eng d
100 _91952
_aPremchand
245 _aDo Bailon ki katha
260 _aDelhi
_bSSP
_c2006
999 _c4746
_d4746